| 000 | 00731nam a22002657a 4500 | ||
|---|---|---|---|
| 003 | CHAP | ||
| 005 | 20220329135142.0 | ||
| 008 | 971013s1975 r 00010 d | ||
| 010 | _a31770 | ||
| 011 | _a32742 | ||
| 035 | _a36857 | ||
| 040 | _cCHAP | ||
| 082 |
_a636.9 _bC7Y 1975 |
||
| 100 | 0 | 0 |
_aCross, J. W. _929191 |
| 245 | _aCría y explotación de los conejos | ||
| 250 | _a5 ed. | ||
| 260 |
_aBarcelona : _bGea, _c1975 |
||
| 300 |
_a291 p. _b: ilus. ; gráfs. |
||
| 590 |
_aBATCH-UPD _b10 _c20130110 _lUCH01 _h2110 |
||
| 590 |
_aCONVERSION _b10 _c20130109 _lUCH01 _h1318 |
||
| 650 | 1 | 4 |
_aCunicultura. _930449 |
| 901 | _aBK | ||
| 942 | _cLIBRO | ||
| 949 |
_a636.9 C7Y 1975 _bBC _cLIBRO _d33724000106324 _eLIBRO _h45551 _i36857 _si |
||
| 999 |
_c31770 _d31770 |
||